1215 1697 1541 1110 1714 1071 1076 1832 1939 1911 1242 1770 1546 1006 1616 1841 1122 1186 1025 1767 1587 1268 1055 1403 1640 1623 1883 1861 1309 1069 1183 1756 1448 1969 1238 1213 1574 1490 1582 1623 1207 1105 1638 1517 1833 1872 1498 1321 1569 1420 1024 1633 1114 1227 1015 1920 1096 1311 1991 1681 1416 1839 1179 1861 1449 1556 1914 1072 1311 1726 1150 1549 1670 1980 1689 1484 1213 1019 1483 1141 1160 1406 1886 1101 1778 1522 1472 1174 1931 1803 1815 1725 1609 1420 1624 1024 1259 1858 1910 BCNSPRNW ULIB Ver.6.0+V

เปลี่ยนเป็นภาษาไทย

Change to English
 แสดงรายละเอียดบรรณานุกรม
  กลับหน้าหลัก

Brief Record : Get Marc (ISO 2709) : E-mail record : QR code < ปิดหน้าต่าง
LEADER : 00000nam 2200000uu 4500
001    13399114043
003     ULIB
008    120203s2550||||th 000 0 tha d
020    ^a9789742988050
060  4 ^aQT104^bก276ส
245 00 ^aสรีรวิทยา = ^bEssential atlas of physiology/^c[กฤตยา รามโกมุท, แปล ; วิริยะ สิริสิงห, บรรณาธิการ]
246 0  ^aEssential atlas of physiology
250    ^aพิมพ์ครั้งที่ 1
260    ^aกรุงเทพฯ :^bสุวีริยาสาส์น,^c2550
300    ^a96 หน้า. :^bภาพประกอบสี ;^c31 ซม.
650  7 ^aสรีรวิทยา
700 0  ^aวิริยะ สิริสิงห,^eผู้แปล
700 0  ^aวิริยะ สิริสิงห,^eบรรณาธิการ
945    ^p300^l0^i14944
945    ^p300^l0^i14949
945    ^p300^l0^i14950
945    ^p300^l0^i14947
945    ^p300^l0^i14943
945    ^p300^l0^i14945
995    ^aกัณชพร
999    ^aกัณชพร
รายการนี้ยังไม่มีแท็ก
คุณยังไม่ได้ล็อกอิน คุณสามารถมีกิจกรรมร่วมกับเว็บไซต์ได้ แต่ต้องล็อกอินก่อน ::
  ล็อกอิน

รายการสื่อสารสนเทศ

ลำดับที่ ประเภท เลขเรียก/บาร์โค้ด สถานที่ สถานะ
1. วิทยาศาสตร์การแพทย์ และสุขภาพ
วิทยาศาสตร์การแพทย์ และสุขภาพ
QT104 ก276ส  
  Barcode: 14944
ห้องสมุดวิทยาเขตสวรรค์ประชารักษ์
►ส่วนจัดเก็บหนังสือเก่า สปร
บนชั้น
  ขอยืม
2. วิทยาศาสตร์การแพทย์ และสุขภาพ
วิทยาศาสตร์การแพทย์ และสุขภาพ
QT104 ก276ส ฉ.2 
  Barcode: 14949
ห้องสมุดวิทยาเขตสวรรค์ประชารักษ์
►ส่วนจัดเก็บหนังสือเก่า สปร
บนชั้น
  ขอยืม
3. วิทยาศาสตร์การแพทย์ และสุขภาพ
วิทยาศาสตร์การแพทย์ และสุขภาพ
QT104 ก276ส ฉ.3 
  Barcode: 14950
ห้องสมุดวิทยาเขตสวรรค์ประชารักษ์
►ส่วนจัดเก็บหนังสือเก่า สปร
บนชั้น
  ขอยืม
4. วิทยาศาสตร์การแพทย์ และสุขภาพ
วิทยาศาสตร์การแพทย์ และสุขภาพ
QT104 ก276ส ฉ.4 
  Barcode: 14947
ห้องสมุดวิทยาเขตสวรรค์ประชารักษ์
►ส่วนจัดเก็บหนังสือเก่า สปร
บนชั้น
  ขอยืม
5. วิทยาศาสตร์การแพทย์ และสุขภาพ
วิทยาศาสตร์การแพทย์ และสุขภาพ
QT104 ก276ส ฉ.5 
  Barcode: 14943
ห้องสมุดวิทยาเขตสวรรค์ประชารักษ์
►ส่วนจัดเก็บหนังสือเก่า สปร
บนชั้น
  ขอยืม
6. วิทยาศาสตร์การแพทย์ และสุขภาพ
วิทยาศาสตร์การแพทย์ และสุขภาพ
QT104 ก276ส ฉ.6 
  Barcode: 14945
ห้องสมุดวิทยาเขตสวรรค์ประชารักษ์
►ส่วนจัดเก็บหนังสือเก่า สปร
บนชั้น
  ขอยืม

รายการใกล้เคียง
    หัวเรื่อง [สรีรวิทยา]

BibComment


ยังไม่เคยถูกคอมเมนท์

คอมเมนท์ทรัพยากรรายการนี้
  คอมเมนท์: สรีรวิทยา Esse..


 Copyright 2026. Bcnsprnw @Library